Ce qui émerge à la force des poings (notice n° 1666676)

détails MARC
000 -LEADER
fixed length control field 01245cam a2200253 4500500
005 - DATE AND TIME OF LATEST TRANSACTION
control field 20260222002925.0
041 ## - LANGUAGE CODE
Language code of text/sound track or separate title fre
042 ## - AUTHENTICATION CODE
Authentication code dc
100 10 - MAIN ENTRY--PERSONAL NAME
Personal name Jay, Emmanuelle
Relator term author
245 00 - TITLE STATEMENT
Title Ce qui émerge à la force des poings
260 ## - PUBLICATION, DISTRIBUTION, ETC.
Date of publication, distribution, etc. 2026.<br/>
500 ## - GENERAL NOTE
General note 7
520 ## - SUMMARY, ETC.
Summary, etc. Cet article vise à présenter le dispositif psychoboxe fondée par Richard Hellbrunn dans les années 1980, puis à décrire ses principaux processus thérapeutiques dans le cadre de prises en charge des traumatismes extrêmes vécus sur la route du parcours migratoire.Ce dispositif offre au sujet en souffrance un espace pour mettre en mouvement, dans la pensée et dans sa corporalité, sa propre violence et, dans les cas de traumatismes extrêmes, la possibilité de se remémorer, d’élaborer et de transformer.
690 ## - LOCAL SUBJECT ADDED ENTRY--TOPICAL TERM (OCLC, RLIN)
Topical term or geographic name as entry element agressivité
690 ## - LOCAL SUBJECT ADDED ENTRY--TOPICAL TERM (OCLC, RLIN)
Topical term or geographic name as entry element clivage narcissique
690 ## - LOCAL SUBJECT ADDED ENTRY--TOPICAL TERM (OCLC, RLIN)
Topical term or geographic name as entry element effraction
690 ## - LOCAL SUBJECT ADDED ENTRY--TOPICAL TERM (OCLC, RLIN)
Topical term or geographic name as entry element migration
690 ## - LOCAL SUBJECT ADDED ENTRY--TOPICAL TERM (OCLC, RLIN)
Topical term or geographic name as entry element narcissisme de vie
690 ## - LOCAL SUBJECT ADDED ENTRY--TOPICAL TERM (OCLC, RLIN)
Topical term or geographic name as entry element technique de psychoboxe
690 ## - LOCAL SUBJECT ADDED ENTRY--TOPICAL TERM (OCLC, RLIN)
Topical term or geographic name as entry element Traumatisme
690 ## - LOCAL SUBJECT ADDED ENTRY--TOPICAL TERM (OCLC, RLIN)
Topical term or geographic name as entry element violences extrêmes
786 0# - DATA SOURCE ENTRY
Note Le Coq-héron | 263 | 4 | 2026-02-04 | p. 167-177 | 0335-7899
856 41 - ELECTRONIC LOCATION AND ACCESS
Uniform Resource Identifier <a href="https://shs.cairn.info/revue-le-coq-heron-2025-4-page-167?lang=fr&redirect-ssocas=7080">https://shs.cairn.info/revue-le-coq-heron-2025-4-page-167?lang=fr&redirect-ssocas=7080</a>

Pas d'exemplaire disponible.

PLUDOC

PLUDOC est la plateforme unique et centralisée de gestion des bibliothèques physiques et numériques de Guinée administré par le CEDUST. Elle est la plus grande base de données de ressources documentaires pour les Étudiants, Enseignants chercheurs et Chercheurs de Guinée.

Adresse

627 919 101/664 919 101

25 boulevard du commerce
Kaloum, Conakry, Guinée

Réseaux sociaux

Powered by Netsen Group @ 2025